|
|
|
|
| LEADER |
00000nab a2200000 ar4500 |
| 001 |
vtls010297658 |
| 003 |
SK-MaSNL |
| 005 |
20260305041055.0 |
| 008 |
110809c2011 xo ur|p|||||||000 b|slo |
| 038 |
|
|
|a RVGKPD
|
| 040 |
|
|
|a RVGKPD
|b slo
|c RVGKPD
|e AACR2
|
| 041 |
|
|
|a slo
|
| 044 |
|
|
|a xo
|c SK
|
| 080 |
|
|
|a 061.2
|x -056.26
|2 1997
|
| 100 |
1 |
|
|a Matiašovský, Dušan
|4 aut
|9 1621085
|
| 245 |
1 |
0 |
|a Čistili náučný chodník na Pišli
|c Dušan Matiašovský
|
| 300 |
|
|
|b Fotogr.
|
| 610 |
2 |
7 |
|a Slovenský zväz telesne postihnutých (Dobšiná, Slovensko)
|2 rvgkpd
|9 1621086
|
| 651 |
|
7 |
|a Gočovo (Slovensko)
|2 rvgkpd
|9 58511
|
| 651 |
|
7 |
|a Rožňava (Slovensko : okres)
|2 rvgkpd
|9 19215
|
| 773 |
0 |
|
|t Dobšinské noviny
|g (júl 2011), s. 5
|
| 852 |
|
|
|a RVGKPD
|b KIS3G
|
| 856 |
4 |
1 |
|u http://www.dobsina.sk/aktualne-cislo.phtml?id3=53078
|
| 992 |
|
|
|a RBX
|
| 999 |
|
|
|c 3341939
|d 3343869
|